Felicidad total en pareja : las seis claves para vivir el amor en toda su plenitud /

Se ofrecen principios y herramientas para resolver problemas de pareja y mejorar la vida conyugal.

Đã lưu trong:
Chi tiết về thư mục
Tác giả chính: Tanner, Tres (autor)
Tác giả khác: Tanner, Susan (autor) (autor)
Định dạng: Sách
Ngôn ngữ:Tiếng Tây Ban Nha
Được phát hành: México : Selector, 1999, c1999
Loạt:(Familia Selector)
(Superación Personal Selector)
Những chủ đề:
Các nhãn: Thêm thẻ
Không có thẻ, Là người đầu tiên thẻ bản ghi này!

MARC

LEADER 00000nam^a2200000^a^4500
001 000103221
005 20250521000000.0
009 20260310093341.039
020 |a 970-643-186-1 
037 |a Acervo ITESO - Biblioteca 
041 |a ESP 
082 |a 305. 31  |b TAN 
100 |a Tanner, Tres  |e (autor) 
245 1 0 |a Felicidad total en pareja :  |b las seis claves para vivir el amor en toda su plenitud /  |c T. Tanner, S. Tanner. 
264 4 |a México :  |b Selector,  |c 1999, c1999 
300 |a 189 p. 
336 |a texto  |b txt  |2 rdacontenido 
337 |a sin mediación  |b n  |2 rdamedio 
338 |a volumen  |b nc  |2 rdasoporte 
440 1 |a (Familia Selector) 
440 1 |a (Superación Personal Selector) 
500 |a Traducción de: Enjoy the Journey 
520 |a Se ofrecen principios y herramientas para resolver problemas de pareja y mejorar la vida conyugal. 
649 |a XX 
650 |a Matrimonio 
650 |a Relaciones de Pareja 
650 |a Amor 
650 |a Sexualidad 
650 |a Felicidad 
650 |a Superación Personal y Autoayuda 
650 |a Psicología Popular 
700 |a Tanner, Susan  |e (autor) 
910 |a Fondo General 
920 |a Impresos - Libros 
930 |a Colección General 
905 |a 101 
901 |a 0500038005  |b IT1  |c ACC  |u 20250521 
902 |a https://opac.biblio.iteso.mx/vufind/Record/000103221